000 00901nam a2200289 a 4500
008
020 _a0745615821 (pbk.)
049 _aMAIN
090 _aHF1418.5
_bWES
100 1 _aWeiss, Linda.
245 1 4 _aThe myth of the powerless state :
_bgoverning the economy in a global era /
_cLinda Weiss.
260 _aCambridge :
_bPolity Press,
_c1998.
300 _axvii, 260 p. ;
_c23 cm.
504 _aIncludes bibliographical references.
500 _aIncludes index.
650 0 _aEconomic policy.
650 0 _aIndustrial policy.
651 0 _aEast Asia
_xEconomic policy.
651 0 _aSweden
_xEconomic policy.
651 0 _aJapan
_xEconomic policy
_y1989-
651 0 _aGermany
_xEconomic policy
_y1990-
907 _a.b10029497
_b09-10-12
_c17-04-03
003
005 20230123133148.0
040 _cNUST
942 _cBOOKS
_kHF1418.5
_mWES
999 _c143797
_d143797